000 00470nam a2200169Ia 4500
003 GCL
008 140319s9999 xx 000 0 ara d
040 _aGCL /
_cGCL
082 0 4 _aط
_b922.1
_bع ع
100 1 _aعبدالمنعم قنديل
245 1 0 _aعقبة بن نافع /
_cعبدالمنعم قنديل
700 1 _aعلى الجمبلاطى
490 _a100 قصة
_v0
650 0 4 _aالاسلام
650 0 4 _aعقبة بن نافع
942 _2ddc
_cBK
999 _c44250
_d44250